000 00603cam a22002051a 4500
001 ne 64000981
003 DLC
005 20260227111758.0
008 911226q19601969ua 000 0 ara
010 _ane 64000981
035 _a(OCoLC)25019719
040 _aDLC
_cMWalB
_dMWalB
_dDLC
042 _apremarc
050 0 0 _aBT701.2
_b.F7
100 1 _aFransīs, Nājī.
245 1 3 _aal-Insān fī al-kitāb al-Muqaddas /
_ctaʼlīf Nājī Fransīs.
260 _aMiṣr :
_bDār al-Thaqāfah Musayyaḥīyah,
_c[196-]
300 _a74 p. ;
_c21 cm.
650 0 _aTheological anthropology
_xChristianity.
999 _c46919
_d46919